| 000 | 01579nam a2200241Ia 4500 | ||
|---|---|---|---|
| 003 | Ost | ||
| 005 | 20260416102359.0 | ||
| 008 | 260416s9999||||xx |||||||||||||| ||und|| | ||
| 040 | _cfsecg | ||
| 041 | _aara | ||
| 082 | _a657 | ||
| 100 |
_aزغمار، أمينة _eمؤلف |
||
| 245 | 0 |
_aالمحاسبة العامة 1و2 دروس + تمارين محلولة : _bموجهة لطلبة السنة الاولى جذع مشترك ل. م .د / _c أمينة زغمار |
|
| 260 |
_aالجزائر _bجامعة الجزائر3: كلية العلوم الإقتصادية، العلوم التجارية وعلوم التسيير _c2022 |
||
| 300 |
_a140 ورقة _bايضاحات _c12 سم |
||
| 504 | _aالمراجع ص.139 | ||
| 520 | _aمفاهيم عامة حول المؤسسة والمحاسبة المالية،الميزانية ،الدفاتر المحاسبية والدورة المحاسبية،الصنف الأول رؤوس الأموال الخاصة،الصنف الثاني التثبيتات،الصنف الثالث المخزونات،الصنف الرابع حسابات الغير،الصنف الخامس الحسابات المالية،حسابات التسيير،أعمال نهاية السنة،تقديم القوائم المالية، | ||
| 653 | _aالقوائم المالية | ||
| 653 | _aالمحاسبة العامة | ||
| 653 | _aالميزانية | ||
| 710 |
_aجامعة الجزائر3: كلية العلوم الإقتصادية، العلوم التجارية وعلوم التسيير _eناشر علمي |
||
| 942 | _cHANDOUT | ||
| 999 |
_c41332 _d41332 |
||